000 00232nam a2200097Ia 4500
001 1210595
005 20250827024421.0
008 250824s9999 xx 000 0 und d
245 0 _aHANDAN
_cAYŞE KULİN
260 _bEVEREST YAYINLARI
999 _c1210595
_d1210595